| 000 | 00819nam a22002417a 4500 | ||
|---|---|---|---|
| 003 | UA-OsUOA | ||
| 001 | 44421 | ||
| 007 | ta | ||
| 008 | 20070221b un ||||| |||| 00| 0 ukr d | ||
| 100 | _aКошетар У. П. | ||
| 090 |
_a282(477)(09)(075.8) _bК76 |
||
| 942 | _cBK | ||
| 040 |
_aUA-OsUOA _bukr _cUA-OsUOA _dUA-OsUOA |
||
| 245 |
_aУкраїнська греко-католицька церква в суспільно-політичному житті Галичини (1900 - 1939 рр.) _bНавчальний посібник |
||
| 300 | _a128 с. | ||
| 955 | _a2 | ||
| 041 | _aukr | ||
| 080 | _a282(477)(09)(075.8) | ||
| 020 | _a966-608-495-3 | ||
| 260 |
_aК. _bМАУП _c2005 |
||
| 650 | 7 |
_a282 Римсько-католицька церква (Західна церква) _2UDC |
|
| 999 |
_c330541 _d330541 |
||